Loading...
| Science - Chemistry | 2 | 1 | 0 | 1 | 40 | 55 | 75.67 | 2 | 2 |
| Fine Arts - Other Fine Arts | 0 | 2 | 0 | 0 | 20 | 114 | 114.00 | 0 | 0 |
| Literature - British Literature | 0 | 2 | 0 | 0 | 20 | 140 | 140.00 | 0 | 0 |
| Science - Physics | 0 | 2 | 0 | 1 | 20 | 64 | 93.00 | 0 | 1 |
| Mythology | 1 | 0 | 0 | 0 | 15 | 51 | 51.00 | 1 | 1 |
| Literature - American Literature | 0 | 1 | 0 | 0 | 10 | 113 | 113.00 | 0 | 0 |
| History - World History | 0 | 1 | 0 | 0 | 10 | 87 | 87.00 | 0 | 0 |
| Literature - World Literature | 0 | 1 | 1 | 0 | 5 | 102 | 102.00 | 0 | 0 |
| Literature - European Literature | 0 | 0 | 1 | 0 | -5 | 0.00 | 0 | 0 | |
| Science - Biology | 0 | 0 | 2 | 0 | -10 | 0.00 | 0 | 0 |